De la guerra a la integración: la transición y la seguridad en Centroamérica /
Se realiza un comentario sobre la ponencia titulada "Hacia un nuevo modelo de seguridad en Nicaragua", en donde reafirma que las circunstancias descritas de una apertura hacia un cambio en las gestiones de las políticas de seguridad civil y la necesidad de garantizar la estabilidad en la s...
保存先:
| 第一著者: | |
|---|---|
| 共著者: | , |
| その他の著者: | |
| フォーマット: | 不明 |
| 出版事項: |
San José:
FFPP
|
| 主題: | |
| タグ: |
タグ追加
タグなし, このレコードへの初めてのタグを付けませんか!
|
MARC
| LEADER | 00000 a2200000 04500 | ||
|---|---|---|---|
| 001 | 26554 | ||
| 003 | |||
| 008 | 991231s d | ||
| 040 | |||
| 020 | |a 9977-17-013-4 | ||
| 022 | |a 9977-17-013-4 | ||
| 090 | |a 148907 | ||
| 100 | |a Solís Rivera, Luis Guillermo | ||
| 110 | |a FLACSO | ||
| 245 | |a De la guerra a la integración: la transición y la seguridad en Centroamérica / |c FLACSO | ||
| 260 | |a San José: |b FFPP | ||
| 300 | |a 185 p. | ||
| 520 | |a Se realiza un comentario sobre la ponencia titulada "Hacia un nuevo modelo de seguridad en Nicaragua", en donde reafirma que las circunstancias descritas de una apertura hacia un cambio en las gestiones de las políticas de seguridad civil y la necesidad de garantizar la estabilidad en la sociedad para consolidar un ambiente democrático. WMV | ||
| 650 | |a POLITICA INTERNACIONAL | ||
| 650 | |a DEMOCRATIZACION | ||
| 650 | |a SEGURIDAD SOCIAL | ||
| 650 | |a PAZ | ||
| 650 | |a MANTENIMIENTO DE LA PAZ | ||
| 650 | |a RELACIONES GOBIERNO FUERZAS ARMADAS | ||
| 700 | |a Rojas Aravena, Francisco | ||
| 710 | |a Fundación Arias para la Paz y el Progreso Humano | ||
| 999 | |c 15462 |d 15462 | ||



